Statistics for Actors By Movie #2

Click here to take the quiz!

General Stats

  • This quiz has been taken 57 times
  • The average score is 23 of 45

Answer Stats

HintAnswer% Correct
Mrs. Doubtfire, Flubber, Jumanji, AladdinRobin Williams
98%
Daredevil, Good Will Hunting, Justice LeagueBen Affleck
82%
Ace Ventura, The Mask, Mr. Popper's PenguinsJim Carrey
82%
John Wick, Toy Story 4, Bill And Ted's Excellent AdventureKeanu Reeves
78%
Austin Powers: International Man of Mystery, Shrek The ThirdMike Myers
78%
Elf, Anchorman, Daddy's Home, The Lego MovieWill Ferrell
78%
Terminator, Twins, Junior, Predator, Jingle All The WayArnold Schwarzenegger
76%
Batman, The Bucket List, The ShiningJack Nicholson
76%
The Indian, The Silence of The Lambs, Thor: The Dark WorldAnthony Hopkins
73%
Garfield, Ghostbusters, Groundhog Day, Space JamBill Murray
73%
Night At The Museum, Ant-Man And The WaspPaul Rudd
71%
Gladiator, Les Miserables, Robin Hood, Man of SteelRussell Crowe
71%
Fast And the Furious, The Pacifier, Guardians of the GalaxyVin Diesel
71%
Batman, Herbie: Fully Loaded, Cars, Beetlejuice, Mr. MomMichael Keaton
69%
Jurassic Park, Independence Day, Cats And Dogs, Prince of EgyptJeff Goldblum
67%
Tron, The Big Lebowski, Iron Man, Tron: LegacyJeff Bridges
65%
Big Trouble in Little China, Tango And Cash, Fox And The HoundKurt Russel
65%
Cheaper By The Dozen, Fantasia 2000, Pink PantherSteve Martin
65%
Star Trek, The Hobbit, Doctor StrangeBenedict Cumberbatch
63%
Shaun of the Dead, Star Trek, Mission Impossible: Rogue NationSimon Pegg
59%
Amazing Spider-Man, The Social Network, Hacksaw RidgeAndrew Garfield
55%
42, Black Panther, 21 Bridges, Captain America: Civil WarChadwick Boseman
55%
Man of Steel, Mission Impossible: Fallout, Enola HolmesHenry Cavill
53%
Paul Blart: Mall Cop, Grown Ups, PixelsKevin James
53%
The Usual Suspects, Fred Claus, Nine Lives, A Bug's LifeKevin Spacey
53%
Hitchhikers Guide to The Galaxy, The Hobbit, Black PantherMartin Freeman
53%
Back to The Future, Dennis The Menace, Angels in The OutfieldChristopher Lloyd
47%
Matilda, Hercules, Jumanji: The Next LevelDanny DeVito
45%
Rise of The Guardians, Sherlock Holmes, Captain MarvelJude Law
45%
Lord of The Rings, Dracula, Attack of the ClonesChristopher Lee
41%
The Outsiders, The Karate Kid, My Cousin VinnieRalph Macchio
39%
Fantastic Four: Rise of the Silver Surfer, The MatrixLaurence Fishburne
35%
The Goonies, Lord of the Rings: The Fellowship of The RingSean Astin
35%
The Princess Bride, Batman Forever, WillowVal Kilmer
35%
Predator, Rocky, Toy Story 4, Toy Story of TerrorCarl Weathers
33%
Journey to The Center of The Earth, The MummyBrendan Frasier
31%
Dora The Explorer And The Lost City of Gold, Ant-ManMichael Pena
24%
Thor: Ragnarok, Jurassic Park, Jurassic Park IIISam Neill
24%
Babe, V For Vendetta, Babe: Pig in The CityHugo Weaving
22%
Bumblebee, *The Suicide Squad, *Fast 9John Cena
22%
Big Fat Liar, Fred Claus, Amazing Spider-Man 2Paul Giamatti
20%
Holes, Tru Confessions, Transformers, The Even Stevens MovieShia LeBeouf
20%
Flubber, Green Lantern, Thor: RagnarokClancy Brown
12%
Treasure Planet, Jungle 2 Jungle, Prince of EgyptMartin Short
10%
Captain America: The First Avenger, Beauty And The BeastStanley Tucci
6%

Score Distribution

Percentile by Number Answered

Percent of People with Each Score

Your Score History

You have not taken this quiz